[Event "PLEASE FORGIVE-ME II"]
[Site "http://www.queenalice.com/game.php?id=531206"]
[Date "2009.1.29"]
[Round "-"]
[White "perucona"]
[Black "kingcleaner"]
[Result "0-1"]
[WhiteElo "1621"]
[BlackElo "1861"]

1. e4 e5 2. d4 exd4 3. Qxd4 Nc6 4. Qd5 Nf6 5. Qd3 d6 6. Nf3 Be7 7. Qe3 O-O 8. e5
dxe5 9. Nxe5 Nxe5 10. Qxe5 Re8 11. Bg5 Bb4+ 12. c3 Rxe5+ 13. Be2 Qd3 14. Bxf6
Qxe2# 0-1

[Event "Challenge"]
[Site "http://www.queenalice.com/game.php?id=531559"]
[Date "2009.1.29"]
[Round "-"]
[White "Andrei_78"]
[Black "kingcleaner"]
[Result "0-1"]
[WhiteElo "1639"]
[BlackElo "1725"]

1. d4 Nf6 2. h3 e6 3. e3 d5 4. Nc3 Bb4 5. Bd2 Bd7 6. a3 Ba5 7. b4 Bb6 8. Nf3 O-O
9. Bd3 c6 10. Ne5 Be8 11. O-O Nbd7 12. Nxd7 Bxd7 13. Qf3 Bc7 14. Na4 b6 15. c3
c5 16. dxc5 Bxa4 17. cxb6 axb6 18. Bc1 Qd6 19. g3 Bc6 20. Bb2 Rad8 21. c4 dxc4
22. Qe2 cxd3 23. Qd2 Ne4 24. Qd1 Nxg3 25. f4 Qd5 26. Rf2 Qh1# 0-1

[Event "Challenge"]
[Site "http://www.queenalice.com/game.php?id=532134"]
[Date "2009.1.30"]
[Round "-"]
[White "Andrei_78"]
[Black "kingcleaner"]
[Result "0-1"]
[WhiteElo "1705"]
[BlackElo "1912"]

1. e4 e5 2. h3 Nf6 3. Nf3 d6 4. Nc3 Be7 5. Bb5+ c6 6. Ba4 Bd7 7. O-O O-O 8. Bb3
Na6 9. d3 Nc5 10. Bg5 b5 11. a3 Nxb3 12. cxb3 Re8 13. Bd2 Rc8 14. b4 a6 15. Bg5
Kh8 16. Qb3 Be6 17. Qc2 c5 18. Qe2 c4 19. dxc4 Bxc4 20. Qe3 Bxf1 21. Rxf1 Rc6
22. Bxf6 Bxf6 23. Nd5 Be7 24. b3 Bf8 25. Ng5 Qd7 26. Nb6 Qb7 27. Nd5 f6 28. Nf3
Qf7 29. Nh4 g6 30. Qf3 Be7 31. g3 Rc2 32. Qd3 Ra2 33. Nc7 Rc8 34. Nxa6 Rxa3 35.
Qxb5 Rxb3 36. Ng2 Qc4 37. Qb7 Bd8 38. Ne3 Qc6 39. Qxc6 Rxc6 40. Nb8 Rc8 41. Nd7
Rxb4 42. Ng4 Kg7 43. Rd1 Be7 44. Ne3 Rxe4 45. Nb6 Rc6 46. Nbd5 Bd8 47. Ra1 f5
48. Ra8 Bg5 49. Ra7+ Kh6 50. Kg2 Bxe3 51. fxe3 Rc2+ 52. Kf3 Rec4 53. Nf6 e4+ 54.
Kf4 Rf2# 0-1

[Event "Challenge"]
[Site "http://www.queenalice.com/game.php?id=532553"]
[Date "2009.1.31"]
[Round "-"]
[White "kingcleaner"]
[Black "rdononato"]
[Result "1-0"]
[WhiteElo "1887"]
[BlackElo "1807"]

1. e4 d5 2. exd5 Qxd5 3. Nf3 Nf6 4. Be2 g6 5. Nc3 Qd8 6. O-O Bg7 7. Re1 O-O 8.
d3 b6 9. Bf1 Bb7 10. Be3 Nbd7 11. Rb1 e6 12. Bg5 h6 13. Bh4 a6 14. Ne4 c5 15.
Nfd2 Qc7 16. f3 Bc6 17. Bg3 e5 18. b4 cxb4 19. Nxf6+ Bxf6 20. d4 a5 21. Ne4 Bg7
22. d5 Bb7 23. d6 Qc6 24. Bd3 Kh7 25. h4 f5 26. Nf2 Rac8 27. Nh3 Qxd6 28. h5 g5
29. Bxf5+ 1-0

[Event "Challenge"]
[Site "http://www.queenalice.com/game.php?id=535977"]
[Date "2009.2.6"]
[Round "-"]
[White "kingcleaner"]
[Black "Urko"]
[Result "1-0"]
[WhiteElo "1903"]
[BlackElo "1686"]

1. e4 e5 2. Nf3 f6 3. Nc3 Ne7 4. Bc4 c6 5. d4 d5 6. exd5 cxd5 7. Bb5+ Bd7 8.
dxe5 Bxb5 9. Nxb5 Qa5+ 10. Nc3 f5 11. O-O Qb6 12. Nxd5 Qc6 13. Nxe7 Kxe7 14.
Bg5+ Ke6 15. Nd4+ Kd5 16. Nxc6+ Kxc6 17. f4 Na6 18. Qf3+ Kc7 19. c4 h6 20. Bh4
Bc5+ 21. Kh1 g5 22. fxg5 Raf8 23. gxh6 Rxh6 24. Bg3 Bd4 25. e6+ Kb6 26. Rfd1 Bc5
27. Qd5 f4 28. e7 Bxe7 29. Qb5+ Kc7 30. Rd7+ Kc8 31. Qxb7# 1-0

[Event "Challenge"]
[Site "http://www.queenalice.com/game.php?id=536864"]
[Date "2009.2.8"]
[Round "-"]
[White "chyco"]
[Black "kingcleaner"]
[Result "0-1"]
[WhiteElo "1371"]
[BlackElo "1934"]

1. e4 e5 2. Qf3 Nc6 3. Nh3 Nd4 4. Qh5 Nxc2+ 5. Ke2 d6 6. Nc3 Nf6 7. Qf3 Nd4+ 8.
Ke1 Nxf3+ 9. gxf3 Be7 10. Bb5+ c6 11. Ba4 Bxh3 12. d3 b5 13. Bb3 a5 14. a4 b4
15. Ne2 O-O 16. Rg1 g6 17. d4 Be6 18. Bc2 c5 19. dxc5 dxc5 20. b3 Qc7 21. Bh6
Rfd8 22. Rd1 Rxd1+ 23. Bxd1 c4 24. bxc4 Bxc4 25. f4 Bxe2 26. Kxe2 exf4 27. Bb3
Nxe4 28. f3 Nc3+ 29. Kf2 Rd8 30. Rg4 Rd2+ 31. Ke1 Nb1 32. Bxf4 Qc1+ 33. Bd1
Qxd1# 0-1

[Event "Challenge"]
[Site "http://www.queenalice.com/game.php?id=538519"]
[Date "2009.2.11"]
[Round "-"]
[White "nonpop"]
[Black "kingcleaner"]
[Result "0-1"]
[WhiteElo "1826"]
[BlackElo "1921"]

1. e4 e5 2. Nf3 Nc6 3. Bb5 a6 4. Bxc6 dxc6 5. O-O Bd6 6. d3 Nf6 7. Nc3 O-O 8.
Bg5 Bg4 9. h3 Bh5 10. Qd2 Bxf3 11. gxf3 Be7 12. Rfe1 Nd7 13. h4 f6 14. Be3 f5
15. Bg5 f4 16. Kf1 Bxg5 17. hxg5 c5 18. Ke2 Qxg5 19. Rg1 Qd8 20. Rg2 Nf6 21.
Rag1 Rf7 22. Rg5 Qd6 23. Nd1 g6 24. c4 Rg7 25. a4 Rd8 26. b3 Rgd7 27. Nb2 Kf7
28. Rd1 Qe7 29. Qc3 Rd4 30. Rd2 Nxe4 31. fxe4 Qxg5 32. f3 Qg2+ 33. Kd1 Qxf3+ 34.
Kc2 b6 35. Nd1 a5 36. Rf2 Qg3 37. Qd2 Rxd3 0-1

[Event "Challenge"]
[Site "http://www.queenalice.com/game.php?id=540880"]
[Date "2009.2.15"]
[Round "-"]
[White "kingcleaner"]
[Black "Warley"]
[Result "0-1"]
[WhiteElo "1968"]
[BlackElo "2086"]

1. e4 e5 2. Nf3 Nc6 3. Bb5 a6 4. Ba4 Nf6 5. O-O b5 6. Bb3 Bc5 7. c3 O-O 8. Bc2
d6 9. a3 Bg4 10. b4 Bb6 11. Bb2 Nh5 12. d3 Nf4 13. Bc1 Qf6 14. Be3 Qg6 15. Kh1
Bh3 16. g3 Bxf1 17. Qxf1 Ne6 18. Nbd2 Qh5 19. Bd1 Qg6 20. Bc2 Bxe3 21. Nb3 Bb6
22. Nh4 Qf6 23. Qg2 g5 24. Nf5 Ng7 25. g4 Nxf5 26. gxf5 Kg7 27. Rg1 h6 28. h4
Rh8 29. Nc1 Rag8 30. Ne2 Kf8 31. h5 g4 32. Rf1 Qh4+ 33. Qh2 Qxh2+ 34. Kxh2 g3+
35. Nxg3 Rg5 36. Bd1 Rhg8 37. Be2 Bxf2 0-1

[Event "Challenge"]
[Site "http://www.queenalice.com/game.php?id=542344"]
[Date "2009.2.18"]
[Round "-"]
[White "AlmeidaChess"]
[Black "kingcleaner"]
[Result "1-0"]
[WhiteElo "1629"]
[BlackElo "1928"]

1. e4 e5 2. Nf3 Nc6 3. Bb5 a6 4. Bxc6 dxc6 5. d4 exd4 6. Qxd4 Qxd4 7. Nxd4 Bd6
8. Nc3 Ne7 9. f4 O-O 10. O-O Rd8 11. Nce2 Bc5 12. Be3 Bg4 13. Bf2 Rd7 14. Rad1
Rad8 15. c3 Bxe2 16. Nxe2 Bxf2+ 17. Kxf2 Rxd1 18. Nd4 Rd2+ 19. Kf3 1-0

[Event "Challenge"]
[Site "http://www.queenalice.com/game.php?id=543108"]
[Date "2009.2.19"]
[Round "-"]
[White "fhazzick"]
[Black "kingcleaner"]
[Result "1-0"]
[WhiteElo "1740"]
[BlackElo "1922"]

1. d4 Nf6 2. c4 e6 3. Nf3 Bb4+ 4. Nbd2 c5 5. g3 Nc6 6. dxc5 Ne4 7. Bg2 Qa5 8.
O-O Nxd2 9. Bxd2 Bxd2 10. Nxd2 Qxc5 11. Bxc6 bxc6 12. b3 d5 13. Rc1 Qe7 14. cxd5
cxd5 15. Qc2 O-O 16. Qc5 Qxc5 17. Rxc5 Ba6 18. Re1 Rfc8 19. Ra5 Bb7 20. e3 a6
21. Nf3 Rc7 22. Nd4 Rac8 23. f4 Kf8 24. Kf2 Ke7 25. Ke2 g6 26. Kd2 f6 27. b4 e5
28. Nb3 Rc2+ 29. Kd1 R8c3 30. Re2 Rxe2 31. Kxe2 Rc2+ 32. Nd2 Kd6 33. Kd1 Rc3 34.
Ke2 d4 35. fxe5+ fxe5 36. exd4 exd4 37. Nb3 Rc2+ 38. Kd3 Rxh2 39. Kxd4 1-0

[Event "More games"]
[Site "http://www.queenalice.com/game.php?id=546945"]
[Date "2009.2.26"]
[Round "-"]
[White "attachui"]
[Black "kingcleaner"]
[Result "0-1"]
[WhiteElo "2001"]
[BlackElo "1950"]

1. d4 Nf6 2. c4 e6 3. Nc3 Bb4 4. a3 Bxc3+ 5. bxc3 c5 6. Bg5 Qa5 7. Bd2 O-O 8. g3
Nc6 9. Bg2 d6 10. e3 Qc7 11. d5 Ne5 12. Qe2 exd5 13. cxd5 c4 14. e4 Nd3+ 15. Kf1
Re8 16. Nh3 Nxd5 17. f3 f5 18. Nf2 fxe4 19. fxe4 Rf8 20. Bf3 Nxf2 21. Kxf2 Nf6
22. Bf4 Qc5+ 23. Be3 Ng4+ 24. Ke1 Nxe3 25. Ra2 Qg5 26. Rg1 Bg4 27. Bxg4 Nxg4 28.
Qxc4+ Kh8 29. Rd2 Qe3+ 0-1

[Event "More games #2"]
[Site "http://www.queenalice.com/game.php?id=546947"]
[Date "2009.2.26"]
[Round "-"]
[White "kingcleaner"]
[Black "attachui"]
[Result "0-1"]
[WhiteElo "1957"]
[BlackElo "2001"]

1. e4 c5 2. Nf3 d6 3. d4 cxd4 4. Nxd4 Nf6 5. Nc3 a6 6. Bd3 g6 7. O-O Bg7 8. Re1
O-O 9. Rb1 Qb6 10. Be3 Qd8 11. f3 Nbd7 12. b4 Ne5 13. Bf1 Bd7 14. a4 Rc8 15. Qd2
Nc4 16. Bxc4 Rxc4 17. Nd5 Nxd5 18. exd5 Bxa4 19. c3 Re8 20. Rec1 e5 21. Ne2 e4
22. f4 Qd7 23. Nd4 Qc8 24. Ra1 Bd7 25. Rc2 f5 26. Ra3 Re7 27. Ne2 Be8 28. Nd4
Bf7 29. b5 Bxd4 30. Bxd4 Re8 31. bxa6 bxa6 32. Rca2 Bxd5 33. Rxa6 Rxd4 34. Qxd4
Bxa2 35. Rxd6 e3 36. Rd7 Bf7 37. Qa7 e2 0-1

[Event "Challenge"]
[Site "http://www.queenalice.com/game.php?id=560489"]
[Date "2009.3.23"]
[Round "-"]
[White "kingcleaner"]
[Black "Whitecharger"]
[Result "0-1"]
[WhiteElo "1893"]
[BlackElo "2262"]

1. e4 e6 2. Nc3 d5 3. exd5 exd5 4. d4 Bb4 5. Bd2 Nc6 6. Nf3 Nge7 7. Bb5 O-O 8.
O-O Bg4 9. Be3 Nf5 10. Bxc6 bxc6 11. h3 Bxf3 12. Qxf3 g6 13. Nd1 Re8 14. c3 Nh4
15. Qg4 Re4 16. Qe2 Bd6 17. Qd2 Nf5 18. Re1 Qd7 19. f3 Re6 20. Bf2 Rxe1+ 21.
Bxe1 Re8 22. Bf2 Qe7 23. b4 Bg3 24. Nb2 Bxf2+ 25. Kxf2 Qh4+ 26. Kg1 Kg7 27. Nd3
Nxd4 28. Nf2 Ne2+ 0-1

[Event "Challenge"]
[Site "http://www.queenalice.com/game.php?id=560490"]
[Date "2009.3.23"]
[Round "-"]
[White "Whitecharger"]
[Black "kingcleaner"]
[Result "1-0"]
[WhiteElo "2245"]
[BlackElo "1953"]

1. d4 Nf6 2. c4 e6 3. Nc3 Bb4 4. Bg5 O-O 5. e3 h6 6. Bh4 d5 7. cxd5 exd5 8. Nf3
c6 9. Bd3 Bg4 10. Qb3 a5 11. Ne5 Be6 12. a3 Bxc3+ 13. bxc3 g5 14. Qxb7 Nbd7 15.
Nxc6 Qe8 16. Bg3 Nh5 17. Bd6 f5 18. Ne7+ Kh8 19. h4 g4 20. Nxd5 Bxd5 21. Qxd5
Rf7 22. Bxf5 Ng7 23. Bg6 1-0

[Event "Challenge"]
[Site "http://www.queenalice.com/game.php?id=564063"]
[Date "2009.3.30"]
[Round "-"]
[White "nightw0lf"]
[Black "kingcleaner"]
[Result "1-0"]
[WhiteElo "2090"]
[BlackElo "1891"]

1. b3 d5 2. Bb2 c5 3. e3 Nc6 4. Bb5 Bd7 5. Ne2 e6 6. O-O Nf6 7. f4 Be7 8. d3 O-O
9. Nd2 Qb6 10. Bxc6 Bxc6 11. Ng3 a5 12. a4 Rad8 13. f5 c4 14. dxc4 dxc4 15. Nxc4
Qa7 16. Qe1 exf5 17. Nxf5 Nd5 18. Bxg7 Bg5 19. Bd4 Qa8 20. Nh6+ Bxh6 21. Qg3+
1-0

[Event "Challenge"]
[Site "http://www.queenalice.com/game.php?id=567280"]
[Date "2009.4.5"]
[Round "-"]
[White "trolldetroy"]
[Black "kingcleaner"]
[Result "1-0"]
[WhiteElo "2015"]
[BlackElo "1935"]

1. e4 e5 2. Nf3 Nc6 3. Bc4 Be7 4. d3 Nf6 5. Be3 O-O 6. c3 Na5 7. Bb3 d6 8. Bc2
c5 9. a3 a6 10. Nbd2 Nc6 11. O-O Bg4 12. b4 b6 13. bxc5 bxc5 14. Ba4 Qc7 15. Qc2
Rab8 16. h3 Bd7 17. Rab1 Qa5 18. Nc4 Qc7 19. Ncd2 d5 20. exd5 Nxd5 21. Nc4 f6
22. Bb3 Nxe3 23. fxe3 Kh8 24. e4 Rfd8 25. Ne3 Na5 26. Bc4 1-0

[Event "Challenge"]
[Site "http://www.queenalice.com/game.php?id=567281"]
[Date "2009.4.5"]
[Round "-"]
[White "kingcleaner"]
[Black "trolldetroy"]
[Result "0-1"]
[WhiteElo "1949"]
[BlackElo "2001"]

1. d4 d5 2. c4 c6 3. cxd5 cxd5 4. Nf3 Nc6 5. g3 e6 6. Bg2 Nf6 7. Nc3 Be7 8. O-O
a6 9. Re1 h6 10. e4 O-O 11. e5 Nh7 12. a3 b5 13. Be3 Ng5 14. Nxg5 Bxg5 15. f4
Be7 16. Rc1 Na5 17. Qg4 g6 18. Re2 Nc4 19. Bf2 h5 20. Qf3 b4 21. Nd1 bxa3 22.
Rxc4 dxc4 23. Qxa8 a2 24. Nc3 a1=Q+ 0-1

[Event "Challenge"]
[Site "http://www.queenalice.com/game.php?id=568243"]
[Date "2009.4.7"]
[Round "-"]
[White "nightw0lf"]
[Black "kingcleaner"]
[Result "1-0"]
[WhiteElo "2040"]
[BlackElo "1904"]

1. e4 e5 2. Nf3 Nc6 3. Bc4 d6 4. Nc3 h6 5. O-O Nf6 6. d4 Be7 7. d5 Nb8 8. a4 a6
9. b4 O-O 10. Bb2 Bg4 11. h3 Bd7 12. Qe2 c6 13. b5 axb5 14. axb5 Rxa1 15. Rxa1
c5 16. Bc1 Ne8 17. g4 Kh7 18. Bd2 1-0